000 00563nam a22001817a 4500
003 UA-OsUOA
001 11934
007 ta
008 20050421b un ||||| |||| 00| 0 ukr d
100 _aКисельов М.
942 _cSA
040 _aUA-OsUOA
_cUA-OsUOA
_dUA-OsUOA
245 _aЕкологічна свідомість як феномен освітянського процесу
300 _aС.130-149
955 _a0
773 0 _w0
_tФілософська думка
_dКиїв
_d2005
_g№2
650 7 _aЕкологічне виховання
_2UDC
999 _c298095
_d298095